STUDENT'S SOLUTIONS MANUAL / (Record no. 616941)

000 -LEADER
fixed length control field 00377nam a22001457a 4500
020 ## - INTERNATIONAL STANDARD BOOK NUMBER
Qualifying information PB.
040 ## - CATALOGING SOURCE
Transcribing agency FIZZA ISHAQ
082 ## - DEWEY DECIMAL CLASSIFICATION NUMBER
Classification number 276.12
Author Mark MIL
100 ## - MAIN ENTRY--PERSONAL NAME
Personal name LOYER,MILTON.
9 (RLIN) 134018
245 ## - TITLE STATEMENT
Title STUDENT'S SOLUTIONS MANUAL /
Statement of responsibility, etc. MILTON LOYER.
250 ## - EDITION STATEMENT
Edition statement 11TH ED.
260 ## - PUBLICATION, DISTRIBUTION, ETC.
Place of publication, distribution, etc. NEW YORK ;
Name of publisher, distributor, etc. ADDISON-WESLEY PEARSON ,
Date of publication, distribution, etc. 2010.
300 ## - PHYSICAL DESCRIPTION
Extent 326 P. ;
Dimensions 11.1X8.8IN
942 ## - ADDED ENTRY ELEMENTS (KOHA)
Source of classification or shelving scheme
Koha item type Book
Holdings
Withdrawn status Lost status Source of classification or shelving scheme Damaged status Not for loan Permanent Location Current Location Shelving location Date acquired Total Checkouts Full call number Barcode Date last seen Price effective from Koha item type
          NUST Baluchistan Campus (NBC) NUST Baluchistan Campus (NBC) General Stacks 04/09/2026   276.12 MIL QD -604 04/09/2026 04/09/2026 Book
© 2023 Central Library, National University of Sciences and Technology. All Rights Reserved.